Estimating Costing and Valuation (Professional Practice & Quantity Serveying) 15th ed. (Record no. 3485)
[ view plain ]
| 000 -LEADER | |
|---|---|
| fixed length control field | 00329nam a2200109Ia 4500 |
| 008 - FIXED-LENGTH DATA ELEMENTS--GENERAL INFORMATION | |
| fixed length control field | 200302s9999 xx 000 0 und d |
| 100 ## - MAIN ENTRY--PERSONAL NAME | |
| Personal name | Rangawala |
| 245 ## - TITLE STATEMENT | |
| Title | Estimating Costing and Valuation (Professional Practice & Quantity Serveying) 15th ed. |
| 260 ## - PUBLICATION, DISTRIBUTION, ETC. | |
| Name of publisher, distributor, etc. | Charotor Publishing House Pvt. Ltd. |
| 260 ## - PUBLICATION, DISTRIBUTION, ETC. | |
| Date of publication, distribution, etc. | 2013 |
| 300 ## - PHYSICAL DESCRIPTION | |
| Extent | 738 |
| Withdrawn status | Lost status | Source of classification or shelving scheme | Damaged status | Not for loan | Permanent Location | Current Location | Date acquired | Cost, normal purchase price | Full call number | Barcode | Date last seen | Price effective from | Koha item type |
|---|---|---|---|---|---|---|---|---|---|---|---|---|---|
| BMS College of Architecture, Design and Planning | BMS College of Architecture, Design and Planning | 2020-03-03 | 300.00 | 692.5 | CL-UG65685 | 2020-03-03 | 2020-03-03 | UG Books from CL |